Quizzes
Events
Quiz Creation
Community
Videos
Private Events
Remove Ads
Sign In
Join for FREE
Feedback
Dark Mode
Quiz Categories
Sports
Geography
Music
Movies
Television
Just For Fun
Miscellaneous
History
Literature
Language
Science
Gaming
Entertainment
Religion
Holiday
For Kids
Quiz Lab
Recent
Popular Today
Quiz Kudos Today
Editor Picks
Curator Picks
Quizzes by...
Day
Popularity
Type
Ratings
Length
Year
Community
Subscriptions
Recent Discussions
Orange Saloon
Badges
Playlists
Quests
Create
Leaderboards
Showdown
Live 5
Trivia Bingo
Activity
Puzzle Library
Sporcle Events
Private Events
Virtual Trivia
Globe League
Become a Host
Pub Owners
SporcleCon
Opinionation
Our Games
Videos
Blog
Mobile Apps
Partnerships
Remove Ads and Go Orange
Feedback
Gaming
Video Games
Board Games
Card Games
Pokémon
Mario
Nintendo
Minecraft
Console
Toys
Legend of Zelda
Gaming
Video Games
Board Games
Card Games
Pokémon
Mario
Nintendo
Minecraft
Console
Toys
Legend of Zelda
Random Quiz
Search Sporcle
×
Quiz Lab
Quiz Lab
Gaming
Pokémon
Type in answers that appear in a list
Type in answers that appear in a list
Classic
Best Score? Go Orange.
Pokemon Evolution Level Challenge Stats
Can you name the level at which these pokemon evolutions take place?
By
kboom89
7m
31 Questions
269 Plays
269 Plays
269 Plays
Comments
Comments
Give Quiz Kudos
Give Quiz Kudos
-
- Ratings
hide this ad
Forced Order
Answers have to be entered in order
Answers have to be entered in order
Random Order
Randomize order of answers
Randomize order of answers
Replay
Link that replays current quiz
Next Quiz
Link to next quiz in quiz playlist
You Got
0%
They Got
Avg Score
80%
Avg Friend Score
Upgrade to see
Score Distribution
Jump to the score distribution portion of the page
Score
0/31
Timer
07:00
0
Plays Today
Evolves from...
Level
% Correct
Charmeleon
36
88.5%
Metapod
10
88.5%
Magikarp
20
88.5%
Dragonair
55
88.1%
Bayleef
32
88.1%
Hoothoot
20
84.8%
Sandshrew
22
83.3%
Shelgon
50
81.8%
Vibrava
45
81.4%
Mankey
28
81%
Taillow
22
80.7%
Seel
34
79.9%
Loudred
40
79.9%
Koffing
35
79.6%
Psyduck
33
79.2%
Drowzee
26
79.2%
Evolves from...
Level
% Correct
Krabby
28
78.4%
Cubone
28
78.4%
Spinarak
22
78.4%
Swablu
35
78.4%
Electrike
26
78.1%
Snorunt
42
77.3%
Venonat
31
77%
Numel
33
76.6%
Buizel
26
76.6%
Carvanha
30
76.2%
Cherubi
25
76.2%
Spoink
32
75.8%
Corphish
30
75.5%
Meditite
37
75.1%
Barboach
30
74%
Quiz Playlist
Details
Report
Send in Message
Add To Playlist
Classic:
Type in answers that appear in a list
Forced Order:
Answers have to be entered in order
Random Order:
Randomize order of answers
Quiz Source
Last Updated: Feb 16, 2017
Quiz Scoreboard
CHALLENGE
Sign Up to Join the Scoreboard
Show All
Scores
Hide
Comments
May contain spoilers
Recently Published
Alphabetical 'K' Countries by Flag Minefield
by ylime102
Geography
3m
Pick 6: Fruits
by JohnFran
Miscellaneous
15s
Click the 1999 NBA Draft
by nibperrychub
Sports
2m
More to Explore
Quiz From the Vault
Featured Blog Post
15 Basketball Trivia Facts You Can Be March Mad About
hide this ad
You Might Also Like...
Tags
Pokémon Quiz
challenge
Evolution
Evolve
Level
place
Today's Top Quizzes in Gaming
Browse Gaming
hide this ad
Today's Top Quizzes in Pokémon
Browse Pokémon
Top Contributed Quizzes in Gaming
1
Video Game Rainbow Blitz
2
Genshin Impact Logic Puzzle
3
Pokémon Gen IV Logic Puzzle (HARD)
4
Rainbow Six Siege Operators by Picture
5
Genshin Impact Logic Puzzle Quiz
6
Pokémon Logic Puzzle (DIFFICULT)
7
Ordering Roman Numerals: Pokémon
8
Magic: the Gathering Set Symbols - LCI
9
St. Patrick's Pick: Gaming
10
Wii Remote Buttons
Explore More
Trending Topics
Disney
Anime
Crossword
Harry Potter
NBA
Marvel
Kpop
Puzzle
WWE
Soccer
NFL
Song
Country
The Office
Pokémon
hide this ad
More By:
kboom89
Quiz
Plays
Rating
Category
Featured
Created
Chevelle Song Lyrics
378
5.00
Music
Nov 24, 2010
Pokemon Evolution Items
358
2.33
Gaming
Nov 24, 2010
Pokemon Evolution Level Challenge
269
3.25
Gaming
Nov 24, 2010
Pokemon Special Attack Moves
259
Gaming
Nov 24, 2010
Pokemon Physical Moves
243
5.00
Gaming
Nov 24, 2010
Go to Creator's Profile
Score Distribution
Quiz Creator Spotlight
kboom89
Follow
Send a Message
Quizzes Created
-
Created Quiz Play Count
-
More By This Creator
Popular Quizzes Today
1
Find the US States - No Outlines Minefield
2
Pick 6: Fruits
3
Countries of Asia Without Outlines Minefield
4
Alphabetical 'K' Countries by Flag Minefield
5
The Countries of the World
6
Match the Book to the Film X
7
Click the 1999 NBA Draft
8
NBA Logic Puzzle
More Gaming Quizzes
Video Games by Unique Graphics
Curator's Pick
Trending Quizzes
Donkey Kong Minefield
Multiplication Danger Zone
DC Extended Universe: Oldest to Newest
The 3rd Thing You Need to Know: Actresses
Minefield Map: North American Capitals
Recently Updated
Women's Final Four Teams by Year
bhenderson79
Presidents Quartet II
eogle
Anything But Clue(do)
eogle
Anything But Oceanian Capitals
eogle
Anything But 7
eogle
Anything But Thing
eogle
Word Ladder: February 29
pecheneg
Song Title Questions
pecheneg
Women's NCAA Tournament #1 Seeds
pecheneg
Celebrity Mug Shots
pecheneg
Trending Topics
Kpop
Marvel
Harry Potter
Anime
NBA
Disney
Crossword
Country
Song
NFL
Pokémon
The Office
WWE
Puzzle
Soccer
Your Account Isn't Verified!
In order to create a playlist on Sporcle, you need to verify the email address you used during registration. Go to your
Sporcle Settings
to finish the process.
Report this User
Report this user for behavior that violates our
Community Guidelines
.
Details:
Send Report
Go to the Sporcle.com Mobile Site →
Comments